[Event "ESP-ch U14 rapid"]
[Site "Salobrena"]
[Date "2023.07.22"]
[Round "4"]
[White "Cesar Maestre, Eduardo"]
[Black "Nieto Foresti, Julian"]
[Result "1-0"]
[WhiteElo "1783"]
[BlackElo "1553"]
[PlyCount "55"]
[EventDate "2023.07.22"]
[EventType "swiss (rapid)"]
[EventRounds "9"]
[EventCountry "ESP"]
[SourceTitle "EXT 2024"]
[Source "ChessBase"]
[SourceDate "2023.10.10"]
[SourceVersion "1"]
[SourceVersionDate "2023.10.10"]
[SourceQuality "1"]

1. e4 c5 2. g3 e6 3. Bg2 Nc6 4. Ne2 d5 5. exd5 exd5 6. d4 cxd4 7. Nxd4 Nf6 8. 0-0 Be7 9. Nc3 0-0 10. h3 Re8 11. Bf4 a6 12. Re1 Bc5 13. Rxe8+ Qxe8 14. Be3 Bd7 15. Nxd5 Nxd5 16. Bxd5 Qe5 17. Nxc6 Bxc6 18. Bxc6 Bxe3 19. Bg2 Bb6 20. Kf1 Rd8 21. Qe2 Qxb2 22. Re1 g6 23. a4 Rc8 24. Be4 Qb4 25. Bxb7 Rc7 26. Bxa6 Qxa4 27. Qe8+ Kg7 28. Qxa4 1-0

[Event "ESP-ch U14"]
[Site "Salobrena"]
[Date "2023.07.19"]
[Round "4"]
[White "Bello Cera, Raul"]
[Black "Nieto Foresti, Julian"]
[Result "1/2-1/2"]
[WhiteElo "1618"]
[BlackElo "1766"]
[PlyCount "76"]
[EventDate "2023.07.17"]
[EventType "swiss"]
[EventRounds "9"]
[EventCountry "ESP"]
[SourceTitle "EXT 2024"]
[Source "ChessBase"]
[SourceDate "2023.10.10"]
[SourceVersion "1"]
[SourceVersionDate "2023.10.10"]
[SourceQuality "1"]

1. d4 Nf6 2. c4 d5 3. Nf3 c6 4. g3 e6 5. Bg2 Bd6 6. b3 0-0 7. 0-0 Nbd7 8. Nbd2 Re8 9. Re1 e5 10. e4 Nxe4 11. Nxe4 dxe4 12. Ng5 f5 13. Qh5 Nf6 14. Qf7+ Kh8 15. c5 Bc7 16. Qc4 Qd5 17. Nf7+ Kg8 18. Qxd5 Nxd5 19. Nxe5 Nb4 20. Re2 Bxe5 21. dxe5 Rxe5 22. Ba3 Nd3 23. f3 exf3 24. Bxf3 Be6 25. Rd1 Rxe2 26. Bxe2 Ne5 27. Bb2 Nd7 28. b4 Bd5 29. Bf3 Nb6 30. cxb6 Bxf3 31. Rd7 axb6 32. Rxg7+ Kf8 33. Rxh7 Rxa2 34. Rh8+ Kf7 35. Bd4 Ra4 36. Bxb6 Rxb4 37. Rh7+ Ke6 38. Rxb7 c5 1/2-1/2

[Event "ESP-ch U14"]
[Site "Salobrena"]
[Date "2023.07.18"]
[Round "9"]
[White "Nieto Foresti, Julian"]
[Black "Chicote Sagredo, Hugo"]
[Result "1/2-1/2"]
[WhiteElo "1766"]
[BlackElo "1645"]
[PlyCount "60"]
[EventDate "2023.07.17"]
[EventType "swiss"]
[EventRounds "9"]
[EventCountry "ESP"]
[SourceTitle "EXT 2024"]
[Source "ChessBase"]
[SourceDate "2023.10.10"]
[SourceVersion "1"]
[SourceVersionDate "2023.10.10"]
[SourceQuality "1"]

1. e4 c6 2. d4 d5 3. exd5 cxd5 4. Bd3 Nc6 5. c3 Qc7 6. h3 g6 7. Nf3 Bf5 8. Be2 Bg7 9. 0-0 Nf6 10. Re1 0-0 11. Be3 Qb6 12. Qc1 Rac8 13. Nbd2 Nb4 14. Nh4 Nd3 15. Bxd3 Bxd3 16. Nb3 Ne4 17. Qd1 Bc4 18. Nf3 Bxb3 19. Qxb3 Qxb3 20. axb3 a6 21. Rac1 e6 22. Bf4 Rc6 23. Rc2 h6 24. h4 Rb6 25. Ne5 Bxe5 26. Bxe5 f6 27. Bc7 Rc6 28. Bh2 f5 29. Be5 Kf7 30. f3 Nd6 1/2-1/2

[Event "Colonia de Sant Jordi op 2nd"]
[Site "Colonia de Sant Jordi"]
[Date "2023.06.14"]
[Round "5"]
[White "Rossello Sanchez, Bartolome"]
[Black "Nieto Foresti, Julian"]
[Result "1-0"]
[WhiteElo "1635"]
[BlackElo "1707"]
[PlyCount "119"]
[EventDate "2023.06.10"]
[EventType "swiss"]
[EventRounds "9"]
[EventCountry "ESP"]
[SourceTitle "CBM 214 Extra"]
[Source "ChessBase"]
[SourceDate "2023.07.31"]
[SourceVersion "1"]
[SourceVersionDate "2023.07.31"]
[SourceQuality "1"]

1. d4 d5 2. Bf4 e6 3. e3 Bd6 4. Bg3 Nf6 5. Nf3 0-0 6. Nbd2 c6 7. Bd3 Qc7 8. Ne5 h6 9. f4 b6 10. Bh4 Nfd7 11. Qh5 Ba6 12. Bxa6 Nxa6 13. c3 c5 14. 0-0 Rae8 15. Rf3 Be7 16. Ng4 Bxh4 17. Nxh6+ gxh6 18. Qxh4 f5 19. Qxh6 Nf6 20. Rg3+ Ng4 21. h3 Qg7 22. Qxg7+ Kxg7 23. hxg4 fxg4 24. Rxg4+ Kf6 25. Rg5 Rg8 26. Nf3 Rxg5 27. Nxg5 cxd4 28. exd4 Kf5 29. g3 Kg4 30. Kg2 Nc7 31. Rh1 Re7 32. Rh4+ Kf5 33. Kf3 Kg6 34. Rh8 Ne8 35. g4 Nd6 36. Rg8+ Kf6 37. Nh3 Nc4 38. b3 Nd2+ 39. Ke3 Ne4 40. c4 Rh7 41. Nf2 Nxf2 42. Kxf2 Rh2+ 43. Kg3 Rxa2 44. cxd5 exd5 45. g5+ Ke6 46. Rf8 Ke7 47. Rf5 Rb2 48. g6 Rc2 49. Rxd5 Rc6 50. f5 Kf6 51. Kf4 Rc1 52. Rd6+ Ke7 53. Re6+ Kf8 54. Kg5 b5 55. Kf6 Rc7 56. Rd6 Rc8 57. g7+ Kg8 58. Kg6 Rf8 59. gxf8Q+ Kxf8 60. Ra6 1-0

[Event "Colonia de Sant Jordi op 2nd"]
[Site "Colonia de Sant Jordi"]
[Date "2023.06.11"]
[Round "2"]
[White "Ferenczi, Robert Frank"]
[Black "Nieto Foresti, Julian"]
[Result "0-1"]
[WhiteElo "1864"]
[BlackElo "1707"]
[PlyCount "80"]
[EventDate "2023.06.10"]
[EventType "swiss"]
[EventRounds "9"]
[EventCountry "ESP"]
[SourceTitle "CBM 214 Extra"]
[Source "ChessBase"]
[SourceDate "2023.07.31"]
[SourceVersion "1"]
[SourceVersionDate "2023.07.31"]
[SourceQuality "1"]

1. e4 c5 2. Be2 e6 3. d3 Nc6 4. f4 d5 5. Nf3 dxe4 6. dxe4 Qxd1+ 7. Bxd1 Nf6 8. e5 Nd5 9. c4 Nde7 10. Nc3 a6 11. 0-0 Bd7 12. Be3 Nf5 13. Bf2 0-0-0 14. Ne4 Nfd4 15. Nxd4 Nxd4 16. Bxd4 cxd4 17. Nd6+ Bxd6 18. exd6 Bc6 19. c5 h5 20. Bf3 f6 21. Bxc6 bxc6 22. Rad1 e5 23. g3 Rhf8 24. Rfe1 Rde8 25. Re4 Kd7 26. Kf2 Rb8 27. Rd2 Rb5 28. Rc2 Ke6 29. Ke2 Kd5 30. Kd3 Rfb8 31. b3 Rxb3+ 32. axb3 Rxb3+ 33. Kd2 Kxe4 34. fxe5 fxe5 35. Ra2 Kd5 36. Rxa6 Kxc5 37. d7 Rb8 38. Ra7 Rd8 39. Kd3 Kb6 40. Ra2 Rxd7 0-1

[Event "Calvia Amateur op 19th"]
[Site "Calvia"]
[Date "2022.10.08"]
[Round "1"]
[White "Pla Almenar, Nel"]
[Black "Nieto Foresti, Julian"]
[Result "1-0"]
[WhiteElo "2062"]
[BlackElo "1637"]
[PlyCount "55"]
[EventDate "2022.10.08"]
[EventType "swiss"]
[EventRounds "9"]
[EventCountry "ESP"]
[SourceTitle "CBM 210 Extra"]
[Source "ChessBase"]
[SourceDate "2022.11.30"]
[SourceVersion "1"]
[SourceVersionDate "2022.11.30"]
[SourceQuality "1"]

1. e4 c5 2. Nf3 e6 3. d4 cxd4 4. Nxd4 a6 5. Nc3 Qc7 6. Bd3 Nf6 7. Qe2 d6 8. f4 Nbd7 9. g4 h6 10. g5 hxg5 11. fxg5 Nh5 12. g6 Ne5 13. gxf7+ Qxf7 14. Rf1 Nf6 15. Bg5 Be7 16. 0-0-0 Bd7 17. Nf3 b5 18. Nxe5 dxe5 19. h4 Rb8 20. Qh2 Ng4 21. Rxf7 Bxg5+ 22. hxg5 Rxh2 23. Rxg7 Rc8 24. Be2 b4 25. Bxg4 bxc3 26. Rgxd7 cxb2+ 27. Kb1 Rhxc2 28. Rd8+ 1-0

[Event "ESP-ch U14"]
[Site "Salobrena"]
[Date "2022.07.20"]
[Round "4"]
[White "Moreno Burillo, Marcos Antonio"]
[Black "Nieto Foresti, Julian"]
[Result "1-0"]
[WhiteElo "1775"]
[BlackElo "1592"]
[PlyCount "141"]
[EventDate "2022.07.18"]
[EventType "swiss"]
[EventRounds "9"]
[EventCountry "ESP"]
[SourceTitle "EXT 2023"]
[Source "ChessBase"]
[SourceDate "2022.10.05"]
[SourceVersion "1"]
[SourceVersionDate "2022.10.05"]
[SourceQuality "1"]

1. d4 d5 2. c4 c6 3. cxd5 cxd5 4. Nc3 Nf6 5. Nf3 Nc6 6. Bf4 a6 7. e3 Nh5 8. Bg3 Nxg3 9. hxg3 g6 10. a3 Bg7 11. Bd3 Bg4 12. Qb3 Qd6 13. Qxd5 Qxd5 14. Nxd5 0-0 15. 0-0 Rad8 16. Nb6 Rfe8 17. Nd2 Nxd4 18. exd4 Rxd4 19. Bxa6 Rxd2 20. Bxb7 Rxb2 21. Bc6 Rb8 22. Nc4 Rc2 23. Rac1 Rxc1 24. Rxc1 Rc8 25. Bb5 Be2 26. a4 Bd3 27. Kh2 Bb2 28. Nxb2 Rxc1 29. Nxd3 Ra1 30. Nb4 Kg7 31. Nc6 Kf6 32. a5 Ke6 33. a6 Kd6 34. a7 Kc5 35. Be2 f5 36. Bf3 Kb6 37. Nxe7 Kxa7 38. Bd5 Re1 39. Ng8 Kb6 40. Nf6 Kc5 41. Bg8 h6 42. Bh7 Re6 43. Nd7+ Kd6 44. Nb6 Ke7 45. Nd5+ Kf7 46. Nf4 Rf6 47. Bxg6+ Rxg6 48. Nxg6 Kxg6 49. f3 Kg5 50. Kg1 h5 51. Kf2 Kf6 52. Ke3 Ke5 53. Kd3 Kd5 54. Ke2 Ke6 55. Kf1 Kf6 56. Kf2 Ke6 57. Ke2 Kd6 58. Kd2 Ke6 59. Ke2 Kd6 60. Kd2 Ke6 61. Kc2 Kd6 62. Kc3 Kc5 63. g4 fxg4 64. fxg4 h4 65. Kd3 Kd5 66. Ke3 Ke5 67. Kf3 Kf6 68. Kf4 Kg6 69. g5 Kh5 70. Kf5 h3 71. gxh3 1-0

[Event "ESP-ch U12"]
[Site "Salobrena"]
[Date "2021.07.07"]
[Round "5"]
[White "Garcia Gonzalez, Angela"]
[Black "Nieto Foresti, Julian"]
[Result "0-1"]
[WhiteElo "1308"]
[BlackElo "1590"]
[PlyCount "80"]
[EventDate "2021.07.05"]
[EventType "swiss"]
[EventRounds "9"]
[EventCountry "ESP"]
[SourceTitle "EXT 2022"]
[Source "ChessBase"]
[SourceDate "2021.10.06"]
[SourceVersion "1"]
[SourceVersionDate "2021.10.06"]
[SourceQuality "1"]

1. e4 c5 2. Nf3 e6 3. d4 cxd4 4. Nxd4 a6 5. Bd3 Nf6 6. 0-0 Qc7 7. Qe2 d6 8. c4 Be7 9. Nc3 Nbd7 10. f4 0-0 11. Kh1 b6 12. Bd2 Bb7 13. Rae1 Nc5 14. Bc2 Rad8 15. Nf3 Rfe8 16. e5 Bxf3 17. Rxf3 dxe5 18. fxe5 Nfd7 19. Bxh7+ Kxh7 20. Rh3+ Kg8 21. Qh5 f6 22. Qh7+ Kf7 23. Rg3 Bf8 24. Bh6 Re7 25. Rxg7+ Bxg7 26. Qxg7+ Ke8 27. Qg8+ Nf8 28. Qxf8+ Kd7 29. Rd1+ Kc8 30. Rxd8+ Qxd8 31. Qxd8+ Kxd8 32. exf6 Rd7 33. Bg5 Ke8 34. h4 Rd4 35. b3 Ne4 36. Nxe4 Rxe4 37. Kh2 Kf7 38. Kh3 Kg6 39. g4 Re2 40. a3 Rb2 0-1

[Event "ESP-ch U12"]
[Site "Salobrena"]
[Date "2021.07.06"]
[Round "3"]
[White "Juan Lepp, Olga Beatriz"]
[Black "Nieto Foresti, Julian"]
[Result "0-1"]
[WhiteElo "1220"]
[BlackElo "1590"]
[PlyCount "58"]
[EventDate "2021.07.05"]
[EventType "swiss"]
[EventRounds "9"]
[EventCountry "ESP"]
[SourceTitle "EXT 2022"]
[Source "ChessBase"]
[SourceDate "2021.10.06"]
[SourceVersion "1"]
[SourceVersionDate "2021.10.06"]
[SourceQuality "1"]

1. Nf3 d5 2. d3 Nf6 3. g3 Bf5 4. Bg2 e6 5. 0-0 h6 6. c4 c6 7. h4 Be7 8. Bf4 Nbd7 9. Nc3 0-0 10. Re1 Qb6 11. Qb3 Rfe8 12. Qxb6 axb6 13. Ne5 Nxe5 14. Bxe5 Ng4 15. Bf4 Bc5 16. Rf1 Rad8 17. Bf3 e5 18. Bd2 dxc4 19. Bxg4 Bxg4 20. Be3 cxd3 21. exd3 Bxe3 22. fxe3 Rxd3 23. Rae1 e4 24. Rf4 Bf3 25. Kf2 Re5 26. Na4 g5 27. hxg5 hxg5 28. Rf6 Rd2+ 29. Kf1 Kg7 0-1

[Event "ESP-ch U12"]
[Site "Salobrena"]
[Date "2021.07.05"]
[Round "2"]
[White "Nieto Foresti, Julian"]
[Black "Li Chen, Helena Joana"]
[Result "0-1"]
[WhiteElo "1590"]
[BlackElo "1292"]
[PlyCount "114"]
[EventDate "2021.07.05"]
[EventType "swiss"]
[EventRounds "9"]
[EventCountry "ESP"]
[SourceTitle "EXT 2022"]
[Source "ChessBase"]
[SourceDate "2021.10.06"]
[SourceVersion "1"]
[SourceVersionDate "2021.10.06"]
[SourceQuality "1"]

1. e4 c5 2. Nf3 Nc6 3. d4 cxd4 4. Nxd4 e5 5. Nb5 a6 6. Nd6+ Bxd6 7. Qxd6 Qf6 8. Qc7 Nge7 9. Nc3 Nb4 10. Bd3 d5 11. 0-0 d4 12. Na4 Qc6 13. Qxc6+ Nexc6 14. Nb6 Rb8 15. f4 0-0 16. fxe5 Nxe5 17. Bf4 Re8 18. Bxe5 Rxe5 19. a3 Nxd3 20. cxd3 Rb5 21. Nc4 Bg4 22. Rf2 Rf8 23. Raf1 Rb3 24. a4 Bd7 25. a5 Bb5 26. Ne5 Bxd3 27. Rc1 Bxe4 28. Nd7 Rd8 29. Nc5 Re3 30. Rf4 Bc6 31. Nxa6 bxa6 32. Rxc6 d3 33. Rd4 Ree8 34. Rcd6 Rxd6 35. Rxd6 h6 36. Rxd3 Rb8 37. b3 Rb5 38. Rd8+ Kh7 39. b4 Rxb4 40. Ra8 Ra4 41. Rxa6 Ra2 42. h3 f6 43. Kh2 Ra3 44. h4 Kg6 45. g3 h5 46. Ra8 Kf5 47. Kh3 Ra2 48. a6 Kg6 49. Ra7 Kh6 50. Ra8 Kh7 51. a7 Kg6 52. Rc8 Rxa7 53. Rc3 Ra2 54. g4 Ra4 55. gxh5+ Kxh5 56. Rg3 Rxh4+ 57. Kg2 Rg4 0-1

[Event "Campos Migjorn op"]
[Site "Campos"]
[Date "2019.09.14"]
[Round "4"]
[White "Baldo Company, Jordi"]
[Black "Nieto Foresti, Julian"]
[Result "1-0"]
[WhiteElo "1628"]
[BlackElo "1358"]
[PlyCount "77"]
[EventDate "2019.09.06"]
[EventType "swiss"]
[EventRounds "8"]
[EventCountry "ESP"]
[SourceTitle "EXT 2020"]
[Source "ChessBase"]
[SourceDate "2019.10.17"]
[SourceVersion "1"]
[SourceVersionDate "2019.10.17"]
[SourceQuality "1"]

1. e4 c5 2. Nf3 e6 3. d4 cxd4 4. Nxd4 a6 5. Nc3 Qc7 6. g3 Nf6 7. Bg2 d6 8. 0-0 Be7 9. Be3 0-0 10. Qd2 Nc6 11. Nb3 Re8 12. Rad1 Bd7 13. Bf4 e5 14. Be3 Be6 15. Nd5 Qd7 16. Nb6 Qc7 17. Nxa8 Rxa8 18. f4 Ng4 19. f5 Nxe3 20. Qxe3 Bc4 21. Rf2 Bd8 22. Bf1 Bxb3 23. Qxb3 Nd4 24. Rxd4 exd4 25. Qd5 Qc6 26. Bc4 Qxd5 27. Bxd5 Bb6 28. Kf1 d3 29. Rd2 dxc2 30. Rxc2 Rb8 31. Bxb7 Bc5 32. Bxa6 g6 33. fxg6 hxg6 34. e5 Ra8 35. exd6 Rxa6 36. Rxc5 Rxd6 37. Ke2 Kg7 38. a4 Rb6 39. Rb5 1-0